| 000 | 00353nam a2200145Ia 4500 | ||
|---|---|---|---|
| 008 | 150201s2014 xx 000 0 und d | ||
| 082 |
_a618.1 _bS14S |
||
| 100 | _aSETCHELL, MARCUS E. | ||
| 245 | _aSHAW,S TB. OF OPERATIVE GYNAECOLOGY | ||
| 250 | _a7TH | ||
| 260 |
_bELSEVIER _aINDIA _c2014 |
||
| 300 | _a1-425 | ||
| 650 | _aOBS. & GYN | ||
| 942 |
_2ddc _cBK |
||
| 999 |
_c1808 _d1808 |
||